Cabinet Trump II - Statistics

General Stats
  • This quiz has been taken 95 times
    40 since last reset
  • The average score is 16 of 27
Answer Stats
Picture Answer % Correct
Elon Musk
96%
Marco Rubio
96%
JD Vance
91%
Pete Hegseth
91%
Robert F. Kennedy Jr.
87%
Linda McMahon
83%
Kristi Noem
78%
Pam Bondi
78%
Tulsi Gabbard
78%
Susie Wiles
65%
Doug Burgum
61%
Howard Lutnick
61%
Scott Bessent
61%
Tom Homan
61%
Vivek Ramaswamy
61%
Elise Stefanik
52%
Sean Duffy
52%
Scott Turner
48%
Chris Wright
43%
John Ratcliffe
43%
Russell Vought
43%
Lee Zeldin
39%
Brooke Rollins
35%
Kelly Loeffler
30%
Doug collins
26%
Lori Chavez-DeRemer
26%
Jamieson Greer
22%
No matching quizzes found
Score Distribution
Percent of People with Each Score
Percentile by Number Answered
Your Score History
You have not taken this quiz since the last reset